000
00249nam a2200097Ia 4500
001
655245
005
20250826154533.0
008
250824s9999 xx 000 0 und d
245
0
_a
Suna’nın Serçeleri
_c
Gülten Dayıoğlu
260
_b
Altın Kitaplar
999
_c
655245
_d
655245